000 00313nam a22001217a 4500
008 230623b xxu||||| |||| 00| 0 eng d
082 _a330.03
_bBAX 1984
100 _cGraham Bannock
245 _aThe Penguin Dictionary of Economics
260 _aLondon
_bPenguin Books
_c1987
300 _a427p
942 _2ddc
_cBK
999 _c2532
_d2532